Obálka Náhled e-knihy:
PDF Epub
Pro půjčování e-knih musíte být přihlášeni.
Jak si půjčit online?

Dievča z inej doby /

Rebecca rada navštevuje historické rekonštrukcie v kostýmoch. Počas jednej z nich sa stane niečo nevysvetliteľné: ocitne sa v Londýne roku 1816. Po prekonaní šoku si uvedomí, že má príležitosť stať sa najžiadanejšou debutantkou medzi slobodnými mužmi z vyššej spoločnosti. Rebecca však upúta pozornos...

Celý popis

Uloženo v:
Hlavní autor: Kingsley, Felicia (Autor)
Médium: E-kniha
Jazyk:Czech
Vydáno: Praha : Albatros Media Slovakia s.r.o., 2025
Tagy:
Žádné tagy
LEADER 01540nam a22002297i 4500
001 302720
007 ta
008 260514s2025 xr ||||| |||| 00| 0 cze d
020 |a 9788056649282 
044 |a xr 
100 1 |a  Kingsley, Felicia  |4 aut 
245 1 0 |a Dievča z inej doby /  |c  Kingsley, Felicia 
240 1 0 |a Una ragazza d'altri tempi  
264 1 |a Praha :  |b Albatros Media Slovakia s.r.o.,  |c 2025 
300 |a 1 online zdroj (536 stran) 
336 |a text  |b txt  |2 rdacontent 
337 |a bez média  |b n  |2 rdamedia 
338 |a online zdroj  |b cr  |2 rdacarrier 
520 2 |a Rebecca rada navštevuje historické rekonštrukcie v kostýmoch. Počas jednej z nich sa stane niečo nevysvetliteľné: ocitne sa v Londýne roku 1816. Po prekonaní šoku si uvedomí, že má príležitosť stať sa najžiadanejšou debutantkou medzi slobodnými mužmi z vyššej spoločnosti. Rebecca však upúta pozornosť toho najmenej vhodného muža v Londýne: Reedlana Knoxa, šviháka s temnou minulosťou. Čo ak sa nakoniec ukáže, že spoločenský vyvrheľ je zaujímavejší ako džentlmen, o ktorom vždy snívala? 
910 |a RBIT002 
998 |d 426977  |a https://core.palmknihy.cz/api/books/426977/cover?tesgi9  |b https://core.palmknihy.cz/api/books/426977/cover/400?tesgi9  |c https://core.palmknihy.cz/api/books/426977/cover/50?tesgi9  |e 2029-11-26  |g 536  |i 9788056649282  |j https://core.palmknihy.cz/api/books/426977/preview.epub  |k https://core.palmknihy.cz/api/books/426977/preview.pdf  |l   |q 49  |r 1  |s https://www.palmknihy.cz/kniha/426977  |t ebook  |y 2025  |z 1 
999 |d 302718